Detalles MARC
| 000 -LÍDER |
| Campo fijo de descripción fija |
04986cam a2200493 i 4500 |
| 001 - NÚMERO DE CONTROL |
| Campo de control |
768714001 |
| 003 - IDENTIFICADOR DEL NÚMERO DE CONTROL |
| Campo de control |
CO-MdFUSB |
| 005 - FECHA Y HORA DE LA ULTIMA TRANSACCIÓN |
| control field |
20230531155738.0 |
| 007 - CAMPO FIJO DE DESCRIPCIÓN FIJA--INFORMACIÓN GENERAL |
| Campo fijo de descripción fija |
ta |
| 008 - ELEMENTOS DE LONGITUD FIJA -- INFORMACIÓN GENERAL |
| Campo fijo de descripción fija -- Información general |
010427t2001 kyuab b 001 0 eng |
| 020 ## - NÚMERO INTERNACIONAL NORMALIZADO PARA LIBROS |
| Número Internacional Normalizado del libro |
0664221483 |
| 040 ## - FUENTE DE CATALOGACIÓN |
| Agencia de catalogación original |
DLC |
| Agencia que realiza la transcripción |
CO-MdFUSB |
| Agencia que realiza la modificación |
BAKER |
| -- |
NLGGC |
| -- |
BTCTA |
| -- |
YDXCP |
| -- |
IG# |
| -- |
DEBBG |
| -- |
EXW |
| -- |
UKMGB |
| -- |
KP9 |
| -- |
HNW |
| -- |
BDX |
| -- |
CWC |
| -- |
UtOrBLW |
| Idioma de catalogación |
spa |
| Convenciones de la descripción |
rda |
| 041 ## - CÓDIGO DE IDIOMA |
| Código de idioma para texto/pista de sonido o título separado |
eng |
| 082 ## - NÚMERO DE CLASIFICACIÓN DECIMAL DEWEY |
| Número de la edición del Dewey |
23 |
| Número de clasificación |
221.95 |
| Clave de autor-Numero de item |
K54 |
| 100 1# - ASIENTO PRINCIPAL--NOMBRE PERSONAL |
| Nombre personal |
King, Philip J. |
| Término relacionador |
autor |
| 245 10 - TÍTULO |
| Título del Material |
Life in biblical Israel |
| Mención de responsabilidad, etc. |
/ Philip J. King , Lawrence E. Stager. |
| 250 ## - MENCIÓN DE EDICIÓN |
| Mención de edición |
primera edición |
| 264 #1 - PRODUCCIÓN, PUBLICACIÓN, DISTRIBUCIÓN, MANUFACTURA, Y COPYRIGHT |
| Lugar de producción, publicación, distribución, manufactura |
Louisville, Ky. : |
| Nombre del productor, publicador, distribuidor |
Westminster John Knox Press, |
| Fecha de producción, publicación, distribución, manufactura, o copyright |
[2001] |
| 264 #4 - PRODUCCIÓN, PUBLICACIÓN, DISTRIBUCIÓN, MANUFACTURA, Y COPYRIGHT |
| Fecha de producción, publicación, distribución, manufactura, o copyright |
©2001. |
| 300 ## - DESCRIPCIÓN FÍSICA |
| Extensión |
440 páginas : |
| Otros detalles físicos |
ilustraciones, mapas ; |
| Dimensiones |
26 cm |
| 336 ## - TIPO DE CONTENIDO |
| Fuente |
rdacontent |
| Término de tipo de contenido |
texto |
| Código de tipo de contenido |
txt |
| 337 ## - TIPO DE MEDIO |
| Fuente |
rdamedia |
| Nombre del tipo de medio |
sin mediación |
| Código del tipo de medio |
n |
| 338 ## - TIPO DE SOPORTE |
| Fuente |
rdacarrier |
| Nombre del tipo de soporte |
volumen |
| Código Tipo de soporte |
nc |
| 490 1# - MENCIÓN DE SERIE |
| Mención de serie |
Library of ancient Israel. |
| 504 ## - NOTA DE BIBLIOGRAFÍA, ETC. |
| Nota de bibliografía, etc |
Incluye referencias bibliográficas (páginas 395-412) e índice. |
| 505 00 - NOTA DE CONTENIDO |
| Título |
Parte I: la importancia de la vida cotidiana : |
| Nota de contenido con formato preestablecido |
El problema de los textos -- La estructura de la sociedad israelita -- El trabajo de los arqueólogos -- Los ritmos de la vida -- Miqueas y el levita -- Un día en casa de Miqueas. |
| 505 0# - NOTA DE CONTENIDO |
| Título |
Parte II: La casa y el hogar israelitas: |
| Nota de contenido con formato preestablecido |
Arquitectura doméstica -- Materiales de construcción -- Casa con columnas -- Familia y parentesco -- Pariente redentor -- Casa del padre -- Hijos -- Mujeres -- Matrimonio -- Vejez -- Crímenes y castigos en el contexto familiar -- Comidas para familiares e invitados -- Hospitalidad -- Mobiliario -- Preparación de alimentos -- Comidas diarias -- Enfermedad y curación -- Higiene -- Amenazas a la salud -- Consultores de salud -- Procedimientos médicos -- Religión y curación. |
| 505 0# - NOTA DE CONTENIDO |
| Título |
Parte III: Los medios de existencia |
| Nota de contenido con formato preestablecido |
Agricultura y ganadería -- Geografía física y clima -- El año agrícola -- Herramientas agrícolas -- Cultivo y procesamiento de comestibles -- Otra flora -- Ganadería -- Fuentes de agua -- Manantiales - - Pozos -- Cisternas -- Depósitos subterráneos -- Artes y oficios -- Cerámica -- Textiles -- Curtiduría -- Metalurgia -- Viajes, transportes y comercio -- Vías terrestres -- Navegación -- Viajes -- Transporte -- Comercio. |
| 505 0# - NOTA DE CONTENIDO |
| Título |
Parte IV:. Reino patrimonial |
| Nota de contenido con formato preestablecido |
La ciudad real -- La Acrópolis -- El impacto imperial de Asiria en la arquitectura israelita -- La mesa del rey -- Sistemas urbanos de agua -- Sistemas subterráneos de agua -- Jerusalén -- Guerras, ejércitos y armas - - Armas de guerra -- Fortificaciones -- Ejércitos -- Guerra neoasiria -- Guerra neobabilónica. |
| 505 0# - NOTA DE CONTENIDO |
| Título |
Parte V: La cultura y la vida expresiva: |
| Nota de contenido con formato preestablecido |
Vestido y adornos -- Ropa -- Joyas y adornos -- Perfumes -- Cosméticos -- Aseo -- Aromáticos -- Música, canto y danza -- La música y sus funciones -- Instrumentos musicales -- Danza -- Alfabetización y escuelas -- Pruebas de escritura -- Materiales de escritura -- Alfabetización -- Escuelas. |
| 505 0# - NOTA DE CONTENIDO |
| Título |
Parte Vi: Instituciones religiosas: |
| Nota de contenido con formato preestablecido |
Lugares sagrados -- Lugares altos -- Templos y santuarios -- Objetos rituales -- Altares -- Puestos de culto -- Estatuillas de culto -- Votivos -- Prácticas religiosas -- Fiestas -- Marzeah -- Sacrificios y ofrendas -- Limpio e impuro -- Muerte, entierro y vida futura -- Tipos de tumbas y costumbres funerarias -- Duelo -- Creencia en la vida futura -- Culto a los muertos -- Nigromancia. |
| 520 ## - NOTA DE RESUMEN, ETC. |
| Nota de sumario, etc. |
"Este volumen de edición especial de la Biblioteca del Antiguo Israel, basado en las últimas investigaciones, presenta una descripción vívida del mundo del Antiguo Israel, que abarca temas como la vida doméstica, los medios de existencia, la expresión cultural y las prácticas religiosas. Con Más de 175 fotografías e ilustraciones a todo color, La vida en el Israel bíblico abre la puerta a la vida cotidiana en el Israel bíblico para todos los lectores. Este volumen es perfecto para aulas, mesas de café y uso personal. Los volúmenes de la Biblioteca del antiguo Israel se basan en múltiples disciplinas, como la arqueología, la antropología, la sociología, la lingüística y la crítica literaria, para iluminar las realidades cotidianas y las sutilezas sociales que experimentaron estas culturas antiguas. Esta serie emplea métodos sofisticados que dan como resultado contribuciones originales que representan la realidad de las personas detrás del hebreo. Biblia e interpreta estos puntos de vista para una amplia variedad de lectores." |
| 563 ## - NOTA DE ENCUADERNACIÓN |
| Nota de encuadernación |
Pasta dura |
| 630 07 - TITULO UNIFORME |
| Título uniforme |
Biblia. |
| Subdivisión de materia general |
Crítica, interpretación, etc. |
| Nombre de parte o sección de la obra |
Antiguo Testamento |
| 650 #0 - ASIENTO SECUNDARIO DE MATERIA - TERMINO TEMÁTICO |
| Término temático o nombre geográfico como elemento de entrada |
Antiguedades cristianas |
| 9 (RLIN) |
1057 |
| 650 #7 - ASIENTO SECUNDARIO DE MATERIA - TERMINO TEMÁTICO |
| Término temático o nombre geográfico como elemento de entrada |
Judaísmo |
| Subdivisión general |
Historia |
| Subdivisión cronológica |
Hasta 70 d.C. |
| Fuente del encabezamiento o término |
embne |
| 9 (RLIN) |
6889 |
| 650 #7 - ASIENTO SECUNDARIO DE MATERIA - TERMINO TEMÁTICO |
| Término temático o nombre geográfico como elemento de entrada |
Judíos |
| Subdivisión general |
Vida social y costumbres |
| Subdivisión cronológica |
Hasta los 70 D.C. |
| 9 (RLIN) |
269 |
| 651 #7 - ASIENTO SECUNDARIO DE MATERIA - NOMBRE GEOGRAFICO |
| Nombre geográfico |
Palestina |
| Subdivisión general |
Historia |
| Subdivisión cronológica |
Hasta los 70 D.C. |
| 700 1# - ASIENTO SECUNDARIO - NOMBRE PERSONAL |
| Nombre personal |
Stager, Lawrence E. |
| Responsabilidad |
autor |
| 830 #0 - PUNTO DE ACCESO ADICIONAL DE SERIE - TÍTULO UNIFORME |
| Título uniforme |
Library of ancient Israel. |
| 942 ## - TIPO DE MATERIAL (KOHA) |
| Tipo de Item KOHA |
Libros General |
| 945 ## - INFORMACIÓN LOCAL DEL REGISTRO |
| Catalogador |
JTF-925 |